March of library science (Record no. 29589)

MARC details
000 -LEADER
fixed length control field 00331nam a2200133Ia 4500
082 ## - DEWEY DECIMAL CLASSIFICATION NUMBER
Classification number 002
Item number VEN
245 #0 - TITLE STATEMENT
Title March of library science
260 ## - PUBLICATION, DISTRIBUTION, ETC. (IMPRINT)
Place of publication New Delhi
Name of publisher Vikas
Year of publication 1979
650 ## - SUBJECT ADDED ENTRY--TOPICAL TERM
Topical Term Cataloguing
650 ## - SUBJECT ADDED ENTRY--TOPICAL TERM
Topical Term Scientific management
700 ## - ADDED ENTRY--PERSONAL NAME
Personal name Venkatappaiah, V
942 ## - ADDED ENTRY ELEMENTS (KOHA)
Koha item type Books
Holdings
Withdrawn status Lost status Damaged status Not for loan Home library Current library Date acquired Cost, normal purchase price Full call number Accession Number Koha item type
        RRII Library RRII Library 16/12/2021 125.00 002 VEN 10172 Books